| 000 | 01208nam a2200325 a 4500 | ||
|---|---|---|---|
| 001 | 000026332 | ||
| 003 | DO-SdBPM | ||
| 005 | 20260217130818.0 | ||
| 007 | ta | ||
| 008 | 110314s2010 dr 000 0 spa d | ||
| 020 | _a9789945876406 | ||
| 040 |
_aDO-SdBPM _bspa _cBPMSU _drda |
||
| 082 | 4 |
_a252.625 _bI73c 2010 _222 |
|
| 100 | 1 |
_aIsaac, Telésforo A., _d1929- |
|
| 245 | 1 | 0 |
_aComentarios de Domingos en Cuaresma y Semana Santa / _cTelésforo A. Isaac ; prólogo Ashton Jacinto Brooks. |
| 260 |
_aSanto Domingo : _bComisión de Educación Teológica para América Latina y el caribe, _c2010. |
||
| 300 |
_a212 páginas ; _c23 cm. |
||
| 336 |
_atexto _btxt _2rdacontent |
||
| 337 |
_asin mediación _bn _2rdamedia |
||
| 338 |
_avolumen _bnc _2rdacarrier |
||
| 500 | _aIncluye datos biografícos del autor en la contraportada. | ||
| 504 | _aIncluye referencias bibliográficas y notas al pie de las páginas. | ||
| 590 | _aInventariado, 2026/VM | ||
| 650 | 7 |
_aCuaresma. _xRitos y ceremomias |
|
| 650 | 7 |
_aLibros de meditación _xIglesia Católica |
|
| 650 | 7 | _aRitos de semana santa | |
| 700 | 1 |
_aBroks, Ashton Jacinto _eprologo |
|
| 910 | _aVMateo V. Control de calidad. BPMSU | ||
| 942 |
_2ddc _cBK |
||
| 999 |
_c15707 _d15707 |
||